Modernizace a česká rodina sborník prezentací na sympoziu pořádaném ve dnech 15.-17. října 2003 Fakultou sociálních studií Masarykovy university v Brně

Salvato in:
Dettagli Bibliografici
Altri autori: Mareš, Petr, Potočný, Tomáš
Natura: Libro
Lingua:ceco
Pubblicazione: Brno Barrister & Principal 2003
Serie:Sociální studia
Soggetti:
Tags: Aggiungi Tag
Nessun Tag, puoi essere il primo ad aggiungerne!!

MARC

LEADER 00000nam$a2200000$$$4500
001 0013295
005 20240104115210.9
020 |a 80-86598-61-6 
041 0 |a cze 
044 |a CZ 
245 1 0 |a Modernizace a česká rodina  |b sborník prezentací na sympoziu pořádaném ve dnech 15.-17. října 2003 Fakultou sociálních studií Masarykovy university v Brně  |c Petr Mareš, Tomáš Potočný (eds.) 
264 1 |a Brno  |b Barrister & Principal  |c 2003 
300 |a 348 s. 
490 1 |a Sociální studia 
830 0 |a Sociální studia 
610 2 0 |a rodina 
610 2 0 |a Česko 
610 2 0 |a modernizácia 
610 2 0 |a politika rodinná 
610 2 0 |a deti 
610 2 0 |a manželstvo 
610 2 0 |a správanie sociálne 
610 2 0 |a mládež 
700 1 |a Mareš, Petr 
700 1 |a Potočný, Tomáš